书目信息 |
| 题名: |
全国硕士研究生入学统一考试数学辅导讲义
|
|
| 作者: | 苏德矿 , 陈维新 , 黄柏琴 主编 | |
| 分册: | 经济类 | |
| 出版信息: | 杭州 浙江大学出版社 2010.03 |
|
| 页数: | 504页 | |
| 开本: | 26cm | |
| 丛书名: | 全国硕士研究生入学统一考试辅导系列 | |
| 单 册: | ||
| 中图分类: | O13 | |
| 科图分类: | ||
| 主题词: | 高等数学--gao deng shu xue--研究生--入学考试--升学参考资料 | |
| 电子资源: | ||
| ISBN: | 978-7-308-06693-8 | |
| 000 | 01352nam 2200325 450 | |
| 001 | 012010689358 | |
| 005 | 20100704160400.31 | |
| 010 | @a978-7-308-06693-8@dCNY50.00 | |
| 100 | @a20100704d2010 em y0chiy0120 ea | |
| 101 | 0 | @achi |
| 102 | @aCN@b330000 | |
| 105 | @aa z 000yy | |
| 106 | @ar | |
| 200 | 1 | @a全国硕士研究生入学统一考试数学辅导讲义@Aquan guo shuo shi yan jiu sheng ru xue tong yi kao shi shu xue fu dao jiang yi@i经济类@f苏德矿, 陈维新, 黄柏琴主编@Fsu de kuang,chen wei xin,huang bai qin zhu bian |
| 205 | @a第2版 | |
| 210 | @a杭州@c浙江大学出版社@d2010.03 | |
| 215 | @a504页@c图@d26cm | |
| 225 | 2 | @a全国硕士研究生入学统一考试辅导系列@Aquan guo shuo shi yan jiu sheng ru xue tong yi kao shi fu dao xi lie |
| 225 | 2 | @a樊博头考研系@Afan bo tou kao yan xi |
| 330 | @a本书内容包括:高等数学、线性代数、概率论与数理统计。讲述了一元函数微分学,积分学多元函数微积分等。 | |
| 410 | 0 | @12001 @a全国硕士研究生入学统一考试辅导系列 |
| 410 | 0 | @12001 @a樊博头考研系 |
| 516 | 1 | @a2011考研数学辅导讲义@A2011 kao yan shu xue fu dao jiang yi |
| 606 | 0 | @a高等数学@Agao deng shu xue@x研究生@x入学考试@j升学参考资料 |
| 690 | @aO13@v4 | |
| 701 | 0 | @a苏德矿@Asu de kuang@4主编 |
| 701 | 0 | @a陈维新@Achen wei xin@4主编 |
| 701 | 0 | @a黄柏琴@Ahuang bai qin@4主编 |
| 801 | 0 | @aCN@bQSSK@c20100704 |
| 905 | @b785108-10@dO13@eS802@f3 | |
| 全国硕士研究生入学统一考试数学辅导讲义.经济类/苏德矿, 陈维新, 黄柏琴主编.-第2版.-杭州:浙江大学出版社,2010.03 |
| 504页:图;26cm.-(全国硕士研究生入学统一考试辅导系列).-(樊博头考研系) |
| ISBN 978-7-308-06693-8:CNY50.00 |
| 本书内容包括:高等数学、线性代数、概率论与数理统计。讲述了一元函数微分学,积分学多元函数微积分等。 |
| ● |
| 相关链接 |
|
|
|
正题名:全国硕士研究生入学统一考试数学辅导讲义
索取号:O13/S802
 
预约/预借
| 序号 | 登录号 | 条形码 | 馆藏地/架位号 | 状态 | 备注 |
| 1 | 785108 | 207851083 | 自科库401/400B社科库 1排1列1层/ [索取号:O13/S802] | 在馆 | |
| 2 | 785109 | 207851092 | 自科库401/401自科库 107排2列2层/ [索取号:O13/S802] | 在馆 | |
| 3 | 785110 | 207851109 | 自科库401/401自科库 107排2列2层/ [索取号:O13/S802] | 在馆 |